00751cam a22002417a 4500003000500000005001700005008004100022010001000063011001000073035001000083040000900093110002100102245008700123250001000210260003900220300001000259490005400269650002300323650004600346650003600392650002700428830005400455CHAP20220817043732.0001127d1986 mx r 00110 spa d a83048 a84020 a94539 cCHAP2 aBANCOMER, S.N.C.10aPrestamo prendario o pignoraticio :bmoneda nacionalc/por Banco de Comercio, S.A. a2 ed. aMéxico, D. F. :bBancomerc1984. a45 p. 0aPlan Integral de capacitación en créditov; 614aAyuda económica.14aBancos y operaciones bancariaszMéxico.14aCrédito agrícolazMéxico.14aCrédito cooperativo.00aPlan Integral de capacitación en créditov; 6